Who Said That Famous Quote? Quiz Stats

 Plays Quiz not verified by Sporcle

Score 0/21 Timer 07:00
0 Plays Today
Quote Quoted Person/Character % Correct
My mama always said, 'Life was like a box of chocolates; you never know what you're gonna get'Tom Hanks
83.7%
I have a dreamMartin Luther King Jr.
67.3%
I'll be backArnold Schwarzenegger
65.3%
Diamonds are a girl's best friendMarilyn Monroe
53.1%
You can't handle the truth!Jack Nicholson
51%
Float like a butterfly, sting like a beeMuhammad Ali
51%
Give me liberty, or give me death!Patrick Henry
46.9%
Fear is the path to the dark side. Fear leads to anger. Anger leads to hatred. Hate leads to suffering.Yoda
44.9%
All you need is trust and a little bit of pixie dustPeter Pan
40.8%
A house divided against itself cannot standAbraham Lincoln
38.8%
Wal-mart… do they like make walls there?Paris Hilton
34.7%
Quote Quoted Person/Character % Correct
Every woman should have four pets in her life. A mink in her closet, a jaguar in her garage, a tiger in her bed, and a jackass who pays for everything.Paris Hilton
34.7%
Time is moneyBenjamin Franklin
32.7%
Frankly, my dear, I don't give a damn!Clark Gable
32.7%
Mr. Gorbachev, tear down this wallRonald Regan
20.4%
You must be the change you wish to see in the worldMahatma Gandhi
14.3%
You are either with us, or against usGeorge W. Bush
12.2%
Be who you are and say what you feel because those who mind don't matter and those who matter don't mindDr. Seuss
12.2%
Neither a borrower nor a lender beWilliam Shakespeare
12.2%
Keep hope aliveJesse Jackson
4.1%
Dance as though no one is watching Love as though you've never been hurt Sing as though no one can hear you Live as though heaven is on earthSouza
2%

You're not logged in!

Compare scores with friends on all Sporcle quizzes.
OR
Log In

Show Comments

Extras

Created Nov 28, 2010ReportNominate
Tags:Famous Quiz, Quote Quiz

Top Quizzes Today


Score Distribution

Your Account Isn't Verified!

In order to create a playlist on Sporcle, you need to verify the email address you used during registration. Go to your Sporcle Settings to finish the process.

Report this User

Report this user for behavior that violates our Community Guidelines.

Details: